000 00701nam a2200241Ia 4500
003 OSt
005 20220926032914.0
006 a|||||r|||| 00| 0
007 ta
008 220923b |||||||| |||| 00| 0 eng d
037 _cGeneral Book
040 _aRTL
_cRTL
_beng
041 _2eng
_aeng
082 _aY:6770gN.1(X),N7, L4
100 _aClark Robert P
245 0 _aDevelopment and instability, political change in t
260 _aTonnesee
_bDryden Press
_c1974
300 _aviii, 279p
_ccm.
500 _aAppendex: P 247--70
650 _aSocial Development
_9230960
942 _hY:6770gN.1(X),N7, L4
_cGB
_2CC
999 _c655864
_d655864